| 000 | 00793cem a22002055a 4500 | ||
|---|---|---|---|
| 001 | L140314 | ||
| 008 | 070917s1907 xxk e 0 feng u | ||
| 035 | _a(Sirsi) u140314 | ||
| 041 | 0 | _aeng | |
| 110 | 2 |
_aSouthampton Record Society _95351 |
|
| 245 | 0 | 0 |
_aMaps and plans of old Southampton _h[cartographic material] |
| 255 | _aScales differ | ||
| 260 |
_aSouthampton _bSouthampton Record Society _c1907 |
||
| 300 |
_a14 maps on 13 sheets _bin folder _c50 x 47 cm. or smaller |
||
| 500 | _aItem consists of facsimiles of 13 maps dating from c. 1560 to 1905, showing the city of Southampton, with accompanying notes. | ||
| 651 | 4 | _aSouthampton | |
| 690 | _aENVIRONMENTAL AND LAND CONSULTANCY-GEOMATICS-MAPPING AND POSITIONING-CARTOGRAPHY | ||
| 700 | 1 |
_aRogers, W. H. _eEditor |
|
| 942 | _n0 | ||
| 999 |
_c116829 _d116829 |
||